000 00582nam a2200229Ia 4500
003 OSt
005 20220928141300.0
006 a|||||r|||| 00| 0
007 ta
008 220927b |||||||| |||| 00| 0 eng d
024 _a14233
037 _cTextual
040 _aSDCL
_cSDCL
_beng
041 _2eng
_aeng
082 _aWv, N9
100 _aRosen Michael Ed.
_9436061
245 0 _aPolitical thought
260 _c1999
700 _a Wolff Jonathan Ed.
_9447132
942 _hWv, N9
_cTEXL
_2CC
999 _c816642
_d816642